Logo BPK

Biblioteka

Politechniki Koszalińskiej

Trening w różnych warunkach geoklimatycznych i pogodowych / (Rekord nr 37415)

Szczegóły MARC
000 -ETYKIETA REKORDU
podpole kontrolne o stałej długości 01287nam a2200337 i 4500
001 - NUMER KONTROLNY REKORDU
pole kontrolne bg
020 ## - MIĘDZYNARODOWY ZNORMALIZOWANY NUMER KSIĄŻKI - ISBN
ISBN 838650417X
040 ## - ŹRÓDŁO KATALOGOWANIA
Instytucja, która utworzyła rekord BPK
041 1# - KOD JĘZYKA
Kod języka tekstu pl
Kod języka oryginału ru
080 ## - UNIWERSALNA KLASYFIKACJA DZIESIĘTNA - UKD
UKD 796.015:612.1/.2
920 ## - Międzynarodowy znormalizowany numer książki – ISBN
ISBN 83-86504-17-X
008 - POLE O STAŁEJ DŁUGOŚCI - DANE KONTROLNE
podpole kontrolne o stałej długości s pl f |000 0 pol
100 1# - NAZWA OSOBOWA
Nazwa osobowa BULATOVA, Marina Michajlovna
245 10 - TYTUŁ/ODPOWIEDZIALNOŚĆ
Tytuł Trening w różnych warunkach geoklimatycznych i pogodowych /
Pozostałe elementy strefy tytułu i oznaczenia odpowiedzialności Marina M. Bułatowa, Władimir N. Płatonow ; Centralny Ośrodek Sportu, Resortowe Centrum Metodyczno-Szkoleniowe Kultury Fizycznej i Sportu ; [tł. z ros.].
260 ## - STREFA ADRESU WYDAWNICZEGO
Miejsce wydania Warszawa :
Nazwa wydawcy/dystrybutora COS :
-- RCMSKFiS,
Data publikacji, dystrybucji/powstania dokumentu 1996.
300 ## - STREFA OPISU FIZYCZNEGO
Objętość 122 s. :
Inne cechy fizyczne wykr. ;
Rozmiary 23 cm.
490 1# - STREFA SERII I DOKUMENTU WIELOCZĘŚCIOWEGO - FORMA NIE DO WYSZUKIWANIA
Tytuł i oznaczenie odpowiedzialności serii Biblioteka Trenera
504 ## - UWAGA DOTYCZĄCA BIBLIOGRAFII
Informacje o bibliografii Bibliogr. przy rozdz.
650 #9 - HASŁO PRZEDMIOTOWE W FORMIE NAZWY OGÓLNEJ LUB JEDNOSTKOWEJ
Nazwa ogólna lub geograficzna Adaptacja
Określnik ogólny fizjologia
650 #9 - HASŁO PRZEDMIOTOWE W FORMIE NAZWY OGÓLNEJ LUB JEDNOSTKOWEJ
Nazwa ogólna lub geograficzna Ciśnienie atmosferyczne
Określnik ogólny zagadnienia
650 #9 - HASŁO PRZEDMIOTOWE W FORMIE NAZWY OGÓLNEJ LUB JEDNOSTKOWEJ
Nazwa ogólna lub geograficzna Niedotlenienie
Określnik ogólny zagadnienia
650 #9 - HASŁO PRZEDMIOTOWE W FORMIE NAZWY OGÓLNEJ LUB JEDNOSTKOWEJ
Nazwa ogólna lub geograficzna Rytm biologiczny
Określnik ogólny zagadnienia
650 #9 - HASŁO PRZEDMIOTOWE W FORMIE NAZWY OGÓLNEJ LUB JEDNOSTKOWEJ
Nazwa ogólna lub geograficzna Temperatura
Określnik ogólny zagadnienia
650 #9 - HASŁO PRZEDMIOTOWE W FORMIE NAZWY OGÓLNEJ LUB JEDNOSTKOWEJ
Nazwa ogólna lub geograficzna Trening
Określnik ogólny fizjologia
-- zagadnienia
700 1# - HASŁO DODATKOWE - NAZWA OSOBOWA
Nazwa osobowa PLATONOV, Vladimir Nikolaevič
700 1# - HASŁO DODATKOWE - NAZWA OSOBOWA
Nazwa osobowa BUŁATOWA, Marina Michajłowna
700 1# - HASŁO DODATKOWE - NAZWA OSOBOWA
Nazwa osobowa PŁATONOW, Władimir Nikołajewicz
710 #0 - HASŁO DODATKOWE - NAZWA CIAŁA ZBIOROWEGO
Nazwa ciała zbiorowego lub jednostki geograficznej Centralny Ośrodek Sportu
Nazwa jednostki podrzędnej Resortowe Centrum Metodyczno-Szkoleniowe Kultury Fizycznej i Sportu
830 ## - HASŁO DODATKOWE SERII LUB DOKUMENTU WIELOCZĘŚCIOWEGO - TYTUŁ UJEDNOLICONY
Tytuł ujednolicony Biblioteka Trenera
856 ## - LOKALIZACJA I DOSTĘP DO ELEKTRONICZNYCH DOKUMENTÓW ZDALNYCH
Link (URL) http://koha.tu.koszalin.pl/cgi-bin/koha/opac-detail.pl?biblionumber=37415
Tekst linku Katalog online BPK
942 ## - DODATKOWE ELEMENTY (KOHA)
Typ dokumentu Książka
Egzemplarze
Wycofany Status egzemplarza Uszkodzony Dostępność Lokalizacja stała Lokalizacja bieżąca Miejsce przechowywania Sygnatura Kod kreskowy Typ dokumentu
      Dostępny Biblioteka Politechniki Koszalińskiej Biblioteka Politechniki Koszalińskiej Wypożyczalnia BG 53634 01495140 Książka
© 2023 Biblioteka Politechniki Koszalińskiej :: KOHA